[Event "ROM-ch U16"]
[Site "Voineasa"]
[Date "2010.04.14"]
[Round "9"]
[White "Ilie, Andrei"]
[Black "Soare, Flavius Alexandru"]
[Result "0-1"]
[WhiteElo "1782"]
[BlackElo "1709"]
[PlyCount "86"]
[EventDate "2010.04.08"]
[EventType "swiss"]
[EventRounds "9"]
[EventCountry "ROU"]
[SourceTitle "EXT 2020"]
[Source "ChessBase"]
[SourceDate "2019.10.17"]
[SourceVersion "1"]
[SourceVersionDate "2019.10.17"]
[SourceQuality "1"]

1. d4 d5 2. c4 Nf6 3. cxd5 Qxd5 4. Nc3 Qd8 5. e4 e6 6. Bg5 Be7 7. Be2 0-0 8. Nf3 h6 9. Bh4 Nxe4 10. Bxe7 Nxc3 11. bxc3 Qxe7 12. 0-0 b6 13. a4 Bb7 14. a5 Nd7 15. a6 Bxf3 16. Bxf3 Rad8 17. Qe2 Qd6 18. Rfd1 Nf6 19. h3 c5 20. dxc5 Qxc5 21. Rxd8 Rxd8 22. Rd1 Rxd1+ 23. Qxd1 Nd5 24. Qa4 Qc8 25. c4 Nc7 26. Qc6 Qb8 27. Be2 Nxa6 28. Bh5 g6 29. Bf3 Nc5 30. h4 a5 31. Bd1 Qa7 32. h5 g5 33. Qe8+ Kg7 34. Ba4 Nxa4 35. Qxa4 Qe7 36. Qb5 Qc5 37. Qb2+ e5 38. Qb3 Qd4 39. Qa4 e4 40. Qb3 Qa1+ 41. Kh2 a4 42. Qxb6 a3 43. c5 Qe5+ 0-1

[Event "ROM-ch U16"]
[Site "Voineasa"]
[Date "2010.04.08"]
[Round "1"]
[White "Dan, Silviu Aurelian"]
[Black "Ilie, Andrei"]
[Result "1-0"]
[WhiteElo "1945"]
[BlackElo "1782"]
[PlyCount "69"]
[EventDate "2010.04.08"]
[EventType "swiss"]
[EventRounds "9"]
[EventCountry "ROU"]
[SourceTitle "EXT 2020"]
[Source "ChessBase"]
[SourceDate "2019.10.17"]
[SourceVersion "1"]
[SourceVersionDate "2019.10.17"]
[SourceQuality "1"]

1. e4 c5 2. c3 d6 3. d4 Nf6 4. dxc5 dxc5 5. Qc2 Nc6 6. Nf3 Qc7 7. Be2 g6 8. h3 Bg7 9. a4 0-0 10. 0-0 b6 11. Bg5 Bb7 12. Nbd2 Rfd8 13. Rab1 Rac8 14. Bh4 Ne5 15. Nxe5 Qxe5 16. Bg3 Bxe4 17. Qb3 Qd5 18. Qxd5 Bxd5 19. Ba6 Ra8 20. Rbd1 Bh6 21. Nc4 Bxc4 22. Bxc4 Ne4 23. Bc7 Rxd1 24. Rxd1 Nd2 25. Ba6 Re8 26. Re1 e6 27. f4 Re7 28. Bb8 Bf8 29. Re2 Nb3 30. Bb5 Rb7 31. Be5 Na5 32. Rd2 Be7 33. Ba6 Nc4 34. Bxc4 f6 35. Ba6 1-0

[Event "ROM-ch U14 Boys"]
[Site "Voineasa"]
[Date "2008.04.17"]
[Round "8"]
[White "Ilie, Andrei"]
[Black "Marinescu, Stefan"]
[Result "0-1"]
[WhiteElo "783"]
[BlackElo "872"]
[PlyCount "50"]
[EventDate "2008.04.08"]
[EventType "swiss"]
[EventRounds "9"]
[EventCountry "ROU"]
[SourceTitle "EXT 2013"]
[Source "ChessBase"]
[SourceDate "2012.11.22"]
[SourceVersion "1"]
[SourceVersionDate "2012.11.22"]
[SourceQuality "1"]

1. d4 Nf6 2. c4 g6 3. Nc3 Bg7 4. e4 d6 5. Nf3 0-0 6. Be2 Nbd7 7. 0-0 e5 8. Be3 a5 9. Qc2 h6 10. Nd2 Nh7 11. d5 b6 12. a3 f5 13. f3 f4 14. Bf2 Nhf6 15. b4 Nh5 16. Nb5 Rf7 17. Rfe1 Bf8 18. c5 bxc5 19. bxc5 Nxc5 20. Bxc5 dxc5 21. Nb3 Qh4 22. Nxc5 Ng3 23. Bd1 Bxc5+ 24. Qxc5 Nxe4 25. fxe4 Qxe1# 0-1

[Event "ROM-ch U14 Boys"]
[Site "Voineasa"]
[Date "2008.04.15"]
[Round "6"]
[White "Ilie, Andrei"]
[Black "Chiru, Alexandru"]
[Result "1/2-1/2"]
[WhiteElo "783"]
[BlackElo "776"]
[PlyCount "91"]
[EventDate "2008.04.08"]
[EventType "swiss"]
[EventRounds "9"]
[EventCountry "ROU"]
[SourceTitle "EXT 2013"]
[Source "ChessBase"]
[SourceDate "2012.11.22"]
[SourceVersion "1"]
[SourceVersionDate "2012.11.22"]
[SourceQuality "1"]

1. d4 Nf6 2. c4 g6 3. Nc3 Bg7 4. e4 d6 5. Nf3 Nbd7 6. Be2 0-0 7. 0-0 e5 8. d5 Nc5 9. Qc2 a5 10. Ne1 Qe7 11. Nd3 Ncxe4 12. Nxe4 Nxe4 13. f3 Nf6 14. Bg5 h6 15. Bh4 Qe8 16. Rae1 Nh7 17. c5 Bf5 18. Qc4 g5 19. Bf2 e4 20. Bd1 Nf6 21. Bd4 e3 22. Ba4 Bd7 23. Rxe3 Qd8 24. Bxd7 Qxd7 25. c6 bxc6 26. dxc6 Qf5 27. Rfe1 Qd5 28. Qxd5 Nxd5 29. Bxg7 Kxg7 30. Re4 Ra6 31. Rd4 Nf6 32. Rc4 Nd5 33. a3 Rb8 34. b4 axb4 35. Nxb4 Nxb4 36. axb4 Rbb6 37. Rec1 Rb5 38. Re1 Kf6 39. Re8 Rbb6 40. Rc8 Rxc6 41. Rxc7 Rxc7 42. Rxc7 Rb6 43. Rc4 d5 44. Rd4 Ke5 45. Rd2 Rxb4 46. Kf2 1/2-1/2

[Event "ROM-ch U14"]
[Site "Amara"]
[Date "2007.04.13"]
[Round "2"]
[White "Hajbok, Robert"]
[Black "Ilie, Andrei"]
[Result "1-0"]
[WhiteElo "2073"]
[BlackElo "1790"]
[PlyCount "73"]
[EventDate "2007.04.12"]
[EventType "swiss"]
[EventRounds "9"]
[EventCountry "ROU"]
[SourceTitle "EXT 2010"]
[Source "ChessBase"]
[SourceDate "2010.11.25"]
[SourceVersion "1"]
[SourceVersionDate "2010.11.25"]
[SourceQuality "1"]

1. e4 c5 2. Nf3 Nc6 3. Nc3 e6 4. Bb5 Nge7 5. 0-0 a6 6. Bxc6 Nxc6 7. d4 cxd4 8. Nxd4 Qc7 9. Be3 Bd6 10. g3 Nxd4 11. Bxd4 0-0 12. a4 b6 13. Qd3 Rd8 14. Rad1 Be7 15. Rfe1 Bb7 16. Qe3 Bc5 17. Qg5 Bxd4 18. Rxd4 f6 19. Qe3 d6 20. Rb4 Rab8 21. Qxb6 Qe7 22. Qd4 Kh8 23. Rd1 f5 24. Rb6 e5 25. Qd2 Bxe4 26. Rxb8 Rxb8 27. Nxe4 fxe4 28. Qxd6 Qe8 29. b3 h6 30. Qxa6 Qh5 31. Qd6 Re8 32. Re1 Qf3 33. Qd1 Qf5 34. Qe2 Rf8 35. a5 h5 36. h4 g5 37. Qxh5+ 1-0